1MALAYSIA CABINET : (Record no. 1567)
[ view plain ]
| 000 -LEADER | |
|---|---|
| fixed length control field | aam a22 a 4500 |
| 003 - CONTROL NUMBER IDENTIFIER | |
| control field | AKMAL |
| 005 - DATE AND TIME OF LATEST TRANSACTION | |
| control field | 20170511092527.0 |
| 008 - FIXED-LENGTH DATA ELEMENTS--GENERAL INFORMATION | |
| fixed length control field | 170511t20062011my ao e f000 0 eng d |
| 020 ## - INTERNATIONAL STANDARD BOOK NUMBER | |
| International Standard Book Number | 9789835405556 |
| Qualifying information | hardback |
| 040 ## - CATALOGING SOURCE | |
| Original cataloging agency | AKMAL |
| 082 04 - DEWEY DECIMAL CLASSIFICATION NUMBER | |
| Classification number | 321.804309595 RAI |
| 090 00 - LOCALLY ASSIGNED LC-TYPE CALL NUMBER (OCLC); LOCAL CALL NUMBER (RLIN) | |
| Classification number (OCLC) (R) ; Classification number, CALL (RLIN) (NR) | 321.804309595 |
| Local cutter number (OCLC) ; Book number/undivided call number, CALL (RLIN) | RAI |
| 100 0# - MAIN ENTRY--PERSONAL NAME | |
| Personal name | Rais Yatim, |
| Titles and words associated with a name | Datuk Seri Utama, |
| Dates associated with a name | 1942- |
| 9 (RLIN) | 2899 |
| 245 10 - TITLE STATEMENT | |
| Title | 1MALAYSIA CABINET : |
| Remainder of title | Reflecting on Cabinet Governing / |
| Statement of responsibility, etc. | RAIS YATIM |
| 246 3# - VARYING FORM OF TITLE | |
| Title proper/short title | One Malaysia cabinet : |
| Remainder of title | reflecting on cabinet governing |
| 250 ## - EDITION STATEMENT | |
| Edition statement | Second Edition |
| 264 #1 - PRODUCTION, PUBLICATION, DISTRIBUTION, MANUFACTURE, AND COPYRIGHT NOTICE | |
| Place of production, publication, distribution, manufacture | [Place of publication not identified] : |
| Name of producer, publisher, distributor, manufacturer | An Endowment Publication, |
| Date of production, publication, distribution, manufacture, or copyright notice | 2011 |
| 264 #4 - PRODUCTION, PUBLICATION, DISTRIBUTION, MANUFACTURE, AND COPYRIGHT NOTICE | |
| Date of production, publication, distribution, manufacture, or copyright notice | ©2011 |
| 300 ## - PHYSICAL DESCRIPTION | |
| Extent | 535 pages : |
| Other physical details | colour photographs ; |
| Dimensions | 28 cm |
| 504 ## - BIBLIOGRAPHY, ETC. NOTE | |
| Bibliography, etc. note | Bibliography: pages 532-535 |
| 650 10 - SUBJECT ADDED ENTRY--TOPICAL TERM | |
| Topical term or geographic name entry element | Cabinet system |
| Geographic subdivision | Malaysia |
| 9 (RLIN) | 3167 |
| 650 20 - SUBJECT ADDED ENTRY--TOPICAL TERM | |
| Topical term or geographic name entry element | Cabinet officers |
| Geographic subdivision | Malaysia |
| 9 (RLIN) | 3168 |
| 650 20 - SUBJECT ADDED ENTRY--TOPICAL TERM | |
| Topical term or geographic name entry element | Executive power |
| Geographic subdivision | Malaysia |
| 9 (RLIN) | 3169 |
| 651 #0 - SUBJECT ADDED ENTRY--GEOGRAPHIC NAME | |
| Geographic name | Malaysia |
| General subdivision | Politics and government |
| 9 (RLIN) | 44 |
| 942 ## - ADDED ENTRY ELEMENTS (KOHA) | |
| Source of classification or shelving scheme | |
| Koha item type | Book |
| Withdrawn status | Lost status | Source of classification or shelving scheme | Damaged status | Not for loan | Collection code | Home library | Current library | Shelving location | Date acquired | Inventory number | Total Checkouts | Full call number | Barcode | Date last seen | Price effective from | Koha item type |
|---|---|---|---|---|---|---|---|---|---|---|---|---|---|---|---|---|
| NON-FICTION | AKMAL Melaka | AKMAL Melaka | PINJAMAN | 11.05.2017 | 305983 | 321.804309595 RAI | 201702922 | 11.05.2017 | 11.05.2017 | Book |
